Quizzes
Events
Quiz Creation
Community
Videos
Private Events
Remove Ads
Sign In
Join for FREE
Feedback
Dark Mode
Quiz Categories
Sports
Geography
Music
Movies
Television
Just For Fun
Miscellaneous
History
Literature
Language
Science
Gaming
Entertainment
Religion
Holiday
For Kids
Quiz Lab
Recent
Popular Today
Quiz Kudos Today
Editor Picks
Curator Picks
Quizzes by...
Day
Popularity
Type
Ratings
Length
Year
Community
Subscriptions
Recent Discussions
Orange Saloon
Badges
Playlists
Quests
Create
Leaderboards
Showdown
Live 5
Trivia Bingo
Activity
Puzzle Library
Sporcle Events
Private Events
Virtual Trivia
Globe League
Become a Host
Pub Owners
SporcleCon
Opinionation
Our Games
Videos
Blog
Mobile Apps
Partnerships
Remove Ads and Go Orange
Feedback
Entertainment
Celebrity
Famous
Musical
Broadway
Show
Quote
Comic Books
Anime
Superhero
DC Comics
Marvel
Cartoons
Animation
Entertainment
Celebrity
Famous
Musical
Broadway
Show
Quote
Comic Books
Anime
Superhero
DC Comics
Marvel
Cartoons
Animation
Random Quiz
Search Sporcle
×
Quiz Lab
Quiz Lab
Entertainment
Clickable
Select answers by clicking on text or image buttons
Select answers by clicking on text or image buttons
Clickable
Best Score? Go Orange.
Numbers 1-200 Stats
Can you pick the numbers 1-200 in order in 20 minutes? (Read description)
By
ktf_oregon
20m
200 Questions
820 Plays
820 Plays
820 Plays
Comments
Comments
Give Quiz Kudos
Give Quiz Kudos
-
- Ratings
hide this ad
More Info
Forced Order
Answers have to be entered in order
Answers have to be entered in order
Minefield
Wrong answers will end the quiz
Wrong answers will end the quiz
Random Order
Randomize order of answers
Randomize order of answers
Replay
Link that replays current quiz
Next Quiz
Link to next quiz in quiz playlist
You Got
0%
They Got
Avg Score
51%
Avg Friend Score
Upgrade to see
Score Distribution
Jump to the score distribution portion of the page
Score
0/200
Timer
20:00
0
Plays Today
% Correct
???
99.9%
???
97.9%
???
96.8%
???
96.1%
???
95%
???
94.3%
???
92.3%
???
91.3%
???
90.4%
???
87.6%
???
87.2%
???
85.9%
???
84.5%
???
82.7%
???
80.6%
???
79.3%
???
79.3%
???
78.2%
???
76.7%
???
76.5%
???
76%
???
75%
???
73.7%
???
73%
???
71.8%
???
70.9%
???
70.7%
???
70.1%
???
69.9%
???
68.9%
???
68.5%
???
68.2%
???
67.9%
???
67.6%
???
66.7%
???
66.5%
???
65.7%
???
65.2%
???
65.1%
???
65%
???
65%
???
65%
???
64.9%
???
64.9%
???
64.3%
???
64.1%
???
64.1%
???
63.7%
???
63.2%
???
62.9%
???
62.4%
???
62.1%
???
61.5%
???
61.5%
???
60.9%
???
60.5%
???
59.8%
???
59.8%
???
59.4%
???
59.3%
???
59.3%
???
59.1%
???
59%
???
58.7%
???
58.4%
???
58.3%
???
58%
% Correct
???
57.7%
???
57.4%
???
57.3%
???
57.2%
???
57.1%
???
57.1%
???
57%
???
56.3%
???
56.2%
???
56.2%
???
55.7%
???
55.5%
???
55.5%
???
55.5%
???
54.9%
???
54.9%
???
54.6%
???
54.1%
???
53.7%
???
53.4%
???
53.4%
???
53.3%
???
53.2%
???
53.2%
???
53%
???
52.7%
???
52.7%
???
52.3%
???
52.1%
???
52.1%
???
52%
???
51.7%
???
51.3%
???
50.7%
???
50.5%
???
50.1%
???
49.9%
???
49.1%
???
49%
???
48.9%
???
48.7%
???
47.8%
???
47.7%
???
47%
???
47%
???
46.2%
???
46%
???
45.7%
???
45.2%
???
45.1%
???
45%
???
44.6%
???
43.7%
???
43.3%
???
43.2%
???
42.9%
???
42.4%
???
42%
???
41.6%
???
41.1%
???
40.9%
???
40.4%
???
39.9%
???
39.8%
???
39.5%
???
39.4%
???
39%
% Correct
???
38.4%
???
38.2%
???
38.2%
???
38%
???
38%
???
37.7%
???
37.4%
???
37.2%
???
36.8%
???
36.6%
???
36.2%
???
35.7%
???
35.4%
???
35.1%
???
35.1%
???
35%
???
34.5%
???
34.1%
???
34%
???
34%
???
33.5%
???
33.3%
???
33.2%
???
33%
???
32.6%
???
32.4%
???
32.3%
???
32.2%
???
32.1%
???
32%
???
31.8%
???
31.3%
???
31.2%
???
30.9%
???
30.7%
???
30.7%
???
30.6%
???
30.6%
???
30.4%
???
30.4%
???
30.4%
???
30.2%
???
30.2%
???
30.2%
???
30.2%
???
30%
???
29.9%
???
29.9%
???
29.9%
???
29.4%
???
29.4%
???
29.1%
???
29.1%
???
29.1%
???
29.1%
???
29%
???
29%
???
29%
???
29%
???
28.9%
???
28.9%
???
28.8%
???
28.5%
???
28.5%
???
28.4%
???
27.4%
Quiz Playlist
Details
Report
Send in Message
Add To Playlist
More Info:
Hints are blank but just assume numerical order. (There are decoys.) The link says 250 but it's only 200
Clickable:
Select answers by clicking on text or image buttons
Forced Order:
Answers have to be entered in order
Minefield:
Wrong answers will end the quiz
Random Order:
Randomize order of answers
Last Updated: Feb 16, 2017
Quiz Scoreboard
CHALLENGE
Sign Up to Join the Scoreboard
Show All
Scores
Hide
Comments
May contain spoilers
Recently Published
Movies - When Are They Set?
by FPL_Elf
Movies
5m
Popular People in 1961
by mucciniale
History
6m
1-10 Letter E Words III
by El_Dandy
Language
2m
More to Explore
Quiz From the Vault
Featured Blog Post
Where Did the Easter Bunny Come From?
hide this ad
You Might Also Like...
Tags
Clickable Quiz
description
minute
Order
read
Today's Top Quizzes in Entertainment
Browse Entertainment
hide this ad
Today's Top Quizzes in Clickable
Browse Clickable
Top Contributed Quizzes in Entertainment
1
Kamen Rider Motifs
2
Dragon Ball Z: Goku's Fights in Order
3
Dragon Ball Z: Mega Character Search
4
One Piece Arcs By Order III
5
Survivor Winners Logic Quiz
6
Undead Unluck Minefield
7
Criteria Quickie: Cartoon Taxonomy II
8
Marvel Characters Bunker
9
Who Wants to Be a Millionaire: Anime Edition
10
Demon Slayer 11-1
Explore More
Trending Topics
Kpop
Marvel
Anime
Disney
Harry Potter
NBA
Crossword
Pokémon
Country
The Office
Puzzle
Soccer
Song
WWE
NFL
hide this ad
More By:
ktf_oregon
Quiz
Plays
Rating
Category
Featured
Created
States with Large Cities
334,250
3.62
Geography
Jul 16, 2015
Minority Languages by Country
1,340
4.31
Language
Jun 19, 2015
African Languages
1,154
4.64
Language
Jun 21, 2015
Numbers 1-200
820
4.00
Entertainment
Apr 8, 2015
US States by Tallest Building (slideshow)
725
4.50
Geography
Sep 7, 2015
Go to Creator's Profile
Score Distribution
Quiz Creator Spotlight
ktf_oregon
Follow
Send a Message
Quizzes Created
-
Created Quiz Play Count
-
More By This Creator
Popular Quizzes Today
1
Find the US States - No Outlines Minefield
2
Find the Countries of Europe - No Outlines Minefield
3
The Countries of the World
4
Popular People in 1961
5
1-10 Letter E Words III
6
US States
7
Find the US States
8
One Thing in Common: World Cities II
More Entertainment Quizzes
Disney Descendants
Quiz Lab
Trending Quizzes
Risky Map Clicking: Least Populous States A-Z
1-10 Letter F Words
Humor Books: The Subtitles
1-10 Letter G Words
One Thing in Common: United Kingdom
Recently Updated
Leaping Animals
pecheneg
Reality TV Shows (A-Z)
bhenderson79
Rickey Henderson's Hall of Fame Teammates
pecheneg
Champions League XIs: Arsenal
pecheneg
Quick Pick: Celebrities in WWE's Hall of Fame
aduchscher
A-Z Keypad Blitz II
pecheneg
Multiple Oscar Actors
pecheneg
Mystery Phrase Blitz: Oscar 'Best Actors'
pecheneg
F. Scott Fitzgerald Novels
LTH
Pick 3 Villains
ddd62291
Trending Topics
Marvel
Disney
NBA
Kpop
Crossword
Harry Potter
Anime
NFL
Puzzle
Country
The Office
WWE
Pokémon
Song
Soccer
Your Account Isn't Verified!
In order to create a playlist on Sporcle, you need to verify the email address you used during registration. Go to your
Sporcle Settings
to finish the process.
Report this User
Report this user for behavior that violates our
Community Guidelines
.
Details:
Send Report
Go to the Sporcle.com Mobile Site →
Comments